| 000 | 00456nam a2200157Ia 4500 | ||
|---|---|---|---|
| 008 | 220216s9999 xx 000 0 und d | ||
| 100 | _aErshov D V | ||
| 245 | 0 | _aInfluence of carbon fillers on the bond strength in rubber-cord systems | |
| 260 |
_bInternational Polymer Science and Technology _c2002 |
||
| 300 | _a30-31 | ||
| 650 | _aBond strength | ||
| 650 | _aCarbon filler | ||
| 650 | _aRubber-cord system | ||
| 700 | _aGoncharov V M | ||
| 942 | _cJS | ||
| 999 |
_c61193 _d61193 |
||